Historia de Francia, desde los tiempos mas remotos hasta 1839 / (Record no. 164340)
[ view plain ]
| 000 -LEADER | |
|---|---|
| campo de control de longitud fija | 01270nam a22002535i 4500 |
| 001 - NÚMERO DE CONTROL | |
| campo de control | 164340 |
| 003 - IDENTIFICADOR DE NÚMERO DE CONTROL | |
| campo de control | ES-MaACL |
| 005 - FECHA Y HORA DE LA ÚLTIMA TRANSACCIÓN | |
| campo de control | 20251015063145.0 |
| 008 - DATOS DE LONGITUD FIJA--INFORMACIÓN GENERAL | |
| campo de control de longitud fija | 951113m18401841sp f |||| | spa d |
| 040 ## - FUENTE DE CATALOGACIÓN | |
| Centro catalogador/agencia de origen | CARM |
| Lengua de catalogación | spa |
| Centro/agencia transcriptor | CCPB | SIC |
| 080 ## - NÚMERO DE LA CLASIFICACIÓN DECIMAL UNIVERSAL | |
| Número de la Clasificación Decimal Universal | 94(44) |
| 100 1# - ENTRADA PRINCIPAL--NOMBRE DE PERSONA | |
| Nombre de persona | Cassé de Saint-Prosper, Antoine-Jean, |
| Fechas asociadas al nombre | 1790-1841 |
| 9 (RLIN) | 149957 |
| 245 10 - MENCIÓN DEL TÍTULO | |
| Título | Historia de Francia, desde los tiempos mas remotos hasta 1839 / |
| Mención de responsabilidad, etc. | por A.-J.-C. Saint-Prosper ; adornada con setenta hermosas láminas grabadas en acero, que representan los trages civiles, militares y religiosos de los franceses ... y embellecida con un hermoso Atlas geográfico-histórico ... dirigido por A. Houzé ; traducida por M.O. y J.C. |
| 260 ## - PUBLICACIÓN, DISTRIBUCIÓN, ETC. | |
| Lugar de publicación, distribución, etc. | Barcelona : |
| Nombre del editor, distribuidor, etc. | [s.n.], |
| Fecha de publicación, distribución, etc. | 1840-1841 ( |
| Fabricante | Imprenta de Brusi) |
| 300 ## - DESCRIPCIÓN FÍSICA | |
| Extensión | 3 v.( 606 p., 16 h. de lám; 720 p., h. de lám. 17-48; 714 p., h. de lám. 49-70 ) ; |
| Dimensiones | 22 cm. |
| 490 1# - MENCIÓN DE SERIE | |
| Mención de serie | El mundo, historia de todos los pueblos ; |
| Designación de volumen o secuencia | 3,-5 |
| 594 ## - Nota al título y mención de responsabilidad | |
| Nota al título y mención de responsabilidad | J.C. es Criptónimo de Juan Cortada. |
| 651 #4 - PUNTO DE ACCESO ADICIONAL DE MATERIA--NOMBRE GEOGRÁFICO | |
| Nombre geográfico | Francia- |
| Subdivisión general | Historia |
| 9 (RLIN) | 8679 |
| 700 1# - ENTRADA AGREGADA--NOMBRE PERSONAL | |
| Nombre de persona | Cortada, Juan ( |
| Fechas asociadas al nombre | 1805-1868) |
| 9 (RLIN) | 149955 |
| 700 1# - ENTRADA AGREGADA--NOMBRE PERSONAL | |
| Nombre de persona | Houzé, A. |
| 9 (RLIN) | 64368 |
| 830 0# - PUNTO DE ACCESO ADICIONAL DE SERIE-TÍTULO UNIFORME | |
| Título uniforme | El mundo, historia de todos los pueblos ; |
| Designación de volumen o secuencia | 3,-5 |
| 9 (RLIN) | 182426 |
| 852 ## - LOCALIZACIÓN | |
| Ubicación | ES-MaACL |
| Número de control de estantería | D-4091-93 |
| Nota libre | -- Enc. hol. |
| Estatus retirado | Estado de pérdida | Estado de daño | No para préstamo | Colección | Biblioteca de origen | Biblioteca actual | Ubicación en estantería | Fecha de adquisición | Total de préstamos | Signatura topográfica completa | Código de barras | Visto por última vez | Precio de reemplazo | Tipo de ítem Koha |
|---|---|---|---|---|---|---|---|---|---|---|---|---|---|---|
| Libros del s. XIX | Biblioteca del Ateneo de Madrid | Biblioteca del Ateneo de Madrid | Sala Valle Inclán | 17/01/2008 | D-4091-93 | 901172254 | 23/02/2023 | 23/02/2023 | Libro impreso antiguo |
